[Event "XXVI C.to Italiano a squadre A1"]
[Site "ITA"]
[Date "1994.??.??"]
[Round "?"]
[White "Pantaleoni, Claudio"]
[Black "Conti, Valerio"]
[Result "1/2-1/2"]
[WhiteElo "2225"]
[BlackElo "2167"]
[PlyCount "111"]
[EventDate "1994.01.30"]

1. d4 Nf6 2. Nc3 g6 3. e4 d6 4. f4 Bg7 5. Nf3 O-O 6. Be2 c5 7. dxc5 Qa5 8. O-O
Qxc5+ 9. Kh1 Nc6 10. Bd3 Bd7 11. Qe1 Nb4 12. Be3 Nxd3 13. cxd3 Qh5 14. Rc1 Ng4
15. Bg1 Bh6 16. Qg3 e5 17. Nd5 Be6 18. Qxg4 Qxg4 19. Nf6+ Kg7 20. Nxg4 Bxg4 21.
Be3 Rfc8 22. Bd2 Bxf3 23. gxf3 Bxf4 24. Bxf4 exf4 25. d4 Kf6 26. Kg2 Ke6 27.
Kh3 f5 28. Kh4 Kf6 29. Rfe1 g5+ 30. Kh5 fxe4 31. fxe4 Rxc1 32. Rxc1 Re8 33. Re1
d5 34. e5+ Kf5 35. Rc1 h6 36. h3 Re6 37. h4 gxh4 38. Kxh4 Ke4 39. Rd1 f3 40.
Kg3 Rg6+ 41. Kf2 Kf4 42. Re1 Rg2+ 43. Kf1 Kg3 44. Re3 Rc2 45. e6 Rc1+ 46. Re1
Rc8 47. e7 Re8 48. Re5 h5 49. Rxh5 Rxe7 50. Rg5+ Kf4 51. Rxd5 Re2 52. Rd7 b6
53. a4 Rxb2 54. a5 Ke3 55. Re7+ Kxd4 56. Rxa7 1/2-1/2

[Event "XXVI C.to Italiano a squadre A1"]
[Site "ITA"]
[Date "1994.??.??"]
[Round "?"]
[White "Passoni, Carlo"]
[Black "Facchetti, Gianni"]
[Result "0-1"]
[WhiteElo "2230"]
[BlackElo "2127"]
[PlyCount "96"]
[EventDate "1994.01.30"]

1. e4 e5 2. Nf3 Nc6 3. Bb5 Bc5 4. c3 Nf6 5. O-O O-O 6. d4 Bb6 7. Qd3 d6 8. Bg5
h6 9. Bh4 Qe7 10. Nbd2 Nb8 11. Rfe1 c6 12. Ba4 Bg4 13. Nc4 Bc7 14. Ne3 Bc8 15.
dxe5 dxe5 16. Bc2 Rd8 17. Qe2 Be6 18. Nf5 Bxf5 19. exf5 Nbd7 20. Nd2 Re8 21.
Ne4 Qf8 22. Bxf6 Nxf6 23. Nxf6+ gxf6 24. Qh5 Qg7 25. Re4 Kf8 26. Rg4 Qh7 27.
Bb3 Ke7 28. Qh4 a5 29. Re1 Rg8 30. Rge4 Rg5 31. f4 Rxf5 32. fxe5 Bb6+ 33. Kh1
Bf2 34. g3 Bxe1 35. Rxe1 Qh8 36. exf6+ Kf8 37. Re7 Rxf6 38. Rxb7 Qg7 39. Qh5
Re8 40. Qxa5 Qg6 41. Qb4+ Kg8 42. Qc4 Re1+ 43. Kg2 Qh5 44. g4 Qe5 45. Qxf7+
Rxf7 46. Rxf7 Kh8 47. Rf8+ Kh7 48. Rf7+ Kg6 0-1

[Event "XXVI C.to Italiano a squadre A1"]
[Site "ITA"]
[Date "1994.??.??"]
[Round "?"]
[White "Patelli, Alessandro"]
[Black "Tassi, Oliviero"]
[WhiteElo "2084"]
[BlackElo "2320"]
[Result "1-0"]
[PlyCount "75"]
[EventDate "1994.01.30"]

1. d4 Nf6 2. c4 c5 3. e3 g6 4. Nf3 Bg7 5. Nc3 b6 6. Be2 O-O 7. O-O Bb7 8. d5 e6
9. e4 exd5 10. exd5 d6 11. Bg5 Qd7 12. Qd2 Re8 13. Rae1 Na6 14. Bd1 Qg4 15. Ba4
Rxe1 16. Rxe1 Qxc4 17. Re7 Rb8 18. Bh6 Nb4 19. Bxg7 Kxg7 20. Ng5 Bxd5 21. Nxd5
Qxd5 22. Ne6+ Kg8 23. Qh6 Qxe6 24. Rxe6 fxe6 25. Qf4 Ne8 26. Bd7 Kg7 27. Bxe6
Rb7 28. h4 Re7 29. Bb3 Nd3 30. Qc4 Re1+ 31. Kh2 Ne5 32. Qg8+ Kh6 33. Qf8+ Kh5
34. Qf4 h6 35. Bd5 g5 36. Bf7+ Nxf7 37. Qxf7+ Kxh4 38. g3+ 1-0

[Event "XXVI C.to Italiano a squadre A1"]
[Site "ITA"]
[Date "1994.??.??"]
[Round "?"]
[White "Petrillo, Agostino"]
[Black "Cimmino, Pietro"]
[WhiteElo "2020"]
[BlackElo "2031"]
[Result "0-1"]
[PlyCount "74"]
[EventDate "1994.01.30"]

1. e4 c5 2. Nf3 Nc6 3. Bb5 d6 4. O-O Bd7 5. c3 Nf6 6. Qe2 a6 7. Ba4 b5 8. Bc2
Bg4 9. h3 Bh5 10. Qe3 e5 11. Nh4 Rc8 12. Nf5 Bg6 13. a4 Bxf5 14. exf5 Be7 15.
axb5 axb5 16. Ra6 O-O 17. Na3 Nb4 18. cxb4 cxb4 19. Bd3 bxa3 20. bxa3 Rc5 21.
Bb2 Nd5 22. Qe4 Bg5 23. a4 b4 24. Bc4 Nb6 25. Bb3 Bxd2 26. Bc2 Nc4 27. f6 g6
28. Bc1 Qxf6 29. Bb3 Bxc1 30. Bxc4 Bb2 31. Rd1 Bd4 32. Qe2 Qf4 33. Bd3 Rfc8 34.
Bb1 Rc1 35. g3 Qxg3+ 36. Kf1 Rxd1+ 37. Qxd1 Qxf2# 0-1

[Event "XXVI C.to Italiano a squadre A1"]
[Site "ITA"]
[Date "1994.??.??"]
[Round "?"]
[White "Petrillo, Agostino"]
[Black "Colombo, Paolo"]
[Result "0-1"]
[WhiteElo "2020"]
[BlackElo "2200"]
[PlyCount "70"]
[EventDate "1994.01.30"]

1. e4 c6 2. d4 d5 3. exd5 cxd5 4. c4 Nf6 5. Nc3 e6 6. cxd5 Nxd5 7. Nf3 Be7 8.
Bd3 O-O 9. O-O Nd7 10. Re1 N7f6 11. Ne5 Bd7 12. Bg5 Rc8 13. Rc1 h6 14. Bd2 Bc6
15. Ne4 Qb6 16. Nxf6+ Nxf6 17. Nxc6 Rxc6 18. Rxc6 Qxc6 19. Qb3 Rc8 20. Rc1 Qd7
21. Rxc8+ Qxc8 22. Bb1 Bd6 23. Qd3 Qc6 24. Qc3 Qd7 25. Qf3 Bc7 26. g3 Qxd4 27.
Bc3 Qd5 28. Qe2 e5 29. Qc2 g6 30. Bd2 Kg7 31. Qc1 Ng8 32. Qxc7 Qxd2 33. Qxe5+
Nf6 34. Kg2 Qd1 35. Be4 Qe2 0-1

[Event "XXVI C.to Italiano a squadre A1"]
[Site "ITA"]
[Date "1994.??.??"]
[Round "?"]
[White "Petrillo, Agostino"]
[Black "Serpi, Andrea"]
[WhiteElo "2020"]
[BlackElo "2163"]
[Result "1/2-1/2"]
[PlyCount "25"]
[EventDate "1994.01.30"]

1. e4 e5 2. Nf3 Nc6 3. Bb5 a6 4. Ba4 Nf6 5. Nc3 Bc5 6. O-O O-O 7. d3 d6 8. h3
h6 9. Re1 b5 10. Bb3 Na5 11. Be3 Nxb3 12. axb3 Bxe3 13. Rxe3 1/2-1/2

[Event "XXVI C.to Italiano a squadre A1"]
[Site "ITA"]
[Date "1994.??.??"]
[Round "?"]
[White "Profumo, Alberto"]
[Black "Bozzi, Gianni"]
[Result "1-0"]
[WhiteElo "2106"]
[BlackElo "2305"]
[PlyCount "81"]
[EventDate "1994.01.30"]

1. Nf3 d5 2. g3 e6 3. Bg2 f5 4. d4 Bd6 5. O-O Nf6 6. c4 c6 7. Nbd2 O-O 8. b3
Bd7 9. Ne5 Be8 10. Ndf3 Bh5 11. Nd3 Nbd7 12. Bf4 Qe7 13. Rc1 Ne4 14. Nfe5 Nxe5
15. Bxe5 Bxe5 16. dxe5 Rad8 17. cxd5 exd5 18. Qc2 Rde8 19. b4 Ng5 20. Qb2 a6
21. a4 Rd8 22. f4 Ne4 23. Nc5 Bf7 24. Rc2 Be6 25. Rd1 h5 26. Nxe4 dxe4 27. Rcd2
Bd5 28. e3 h4 29. Bf1 hxg3 30. hxg3 Kf7 31. Rh2 Rh8 32. Rxh8 Rxh8 33. b5 axb5
34. axb5 Qc5 35. Rd4 Ra8 36. bxc6 Bxc6 37. Bc4+ Kf8 38. Qh2 Ra1+ 39. Kf2 Ke7
40. Qh4+ Ke8 41. Qd8# 1-0

[Event "XXVI C.to Italiano a squadre A1"]
[Site "ITA"]
[Date "1994.??.??"]
[Round "?"]
[White "Profumo, Alberto"]
[Black "Diana, Riccardo"]
[WhiteElo "2106"]
[BlackElo "2100"]
[Result "1/2-1/2"]
[PlyCount "30"]
[EventDate "1994.01.30"]

1. Nf3 Nf6 2. d4 d5 3. g3 g6 4. Bg2 Bg7 5. c4 c6 6. cxd5 cxd5 7. Nc3 O-O 8. Ne5
Nc6 9. O-O Nxe5 10. dxe5 Ng4 11. Nxd5 Nxe5 12. Bg5 Nc6 13. Qb3 Be6 14. Rfd1
Bxd5 15. Rxd5 Qc7 1/2-1/2

[Event "XXVI C.to Italiano a squadre A1"]
[Site "ITA"]
[Date "1994.??.??"]
[Round "?"]
[White "Quinto, Gianni"]
[Black "Di Paolo, Raffaele"]
[Result "1-0"]
[WhiteElo "2315"]
[BlackElo "2220"]
[PlyCount "65"]
[EventDate "1994.01.30"]

1. d4 Nf6 2. c4 g6 3. Nf3 Bg7 4. Nc3 d6 5. g3 O-O 6. Bg2 Nbd7 7. O-O e5 8. e4
c6 9. h3 Re8 10. Rb1 exd4 11. Nxd4 Nc5 12. Re1 a5 13. Bf4 Nh5 14. Be3 Qc7 15.
Qd2 Bd7 16. Rbd1 Rad8 17. Bg5 Nf6 18. Ndb5 Qb6 19. Nxd6 Re5 20. Be3 Bc8 21.
Nxc8 Rxc8 22. Na4 Nxa4 23. Bxb6 Nxb6 24. f4 Ree8 25. e5 Nfd7 26. a3 a4 27. h4
Bf8 28. Bh3 Rcd8 29. e6 fxe6 30. Bxe6+ Kh8 31. Bxd7 Rxe1+ 32. Qxe1 Nxd7 33. Qe6
1-0

[Event "XXVI C.to Italiano a squadre A1"]
[Site "ITA"]
[Date "1994.??.??"]
[Round "?"]
[White "Quinto, Gianni"]
[Black "Zaninotto, Franco"]
[Result "1-0"]
[WhiteElo "2315"]
[BlackElo "2255"]
[PlyCount "71"]
[EventDate "1994.01.30"]

1. d4 Nf6 2. c4 g6 3. Nf3 Bg7 4. g3 O-O 5. Bg2 d6 6. Nc3 Nbd7 7. O-O e5 8. h3
Re8 9. e4 exd4 10. Nxd4 a6 11. Bg5 h6 12. Be3 Rb8 13. Qc2 c5 14. Nde2 b5 15.
cxb5 axb5 16. Rad1 b4 17. Na4 Qe7 18. f3 Ba6 19. Rfe1 Rbc8 20. Qd2 d5 21. Bxh6
dxe4 22. Bxg7 Kxg7 23. fxe4 Bb5 24. Qc2 Nxe4 25. Nac3 Nxc3 26. Nxc3 Qxe1+ 27.
Rxe1 Rxe1+ 28. Kf2 bxc3 29. Kxe1 Re8+ 30. Kd1 Be2+ 31. Kc1 cxb2+ 32. Qxb2+ Kg8
33. Bc6 Bd3 34. Qd2 Bf5 35. Bxd7 Rd8 36. Bxf5 1-0

[Event "XXVI C.to Italiano a squadre A1"]
[Site "ITA"]
[Date "1994.??.??"]
[Round "?"]
[White "Rago, Riccardo"]
[Black "Bellia, Fabrizio"]
[Result "0-1"]
[WhiteElo "1815"]
[BlackElo "2280"]
[PlyCount "50"]
[EventDate "1994.01.30"]

1. e4 e5 2. Nf3 Nc6 3. Bc4 Nf6 4. O-O Nxe4 5. d4 exd4 6. Re1 d5 7. Bxd5 Qxd5 8.
Nc3 Qa5 9. Nxe4 Be6 10. Bd2 Bb4 11. c3 dxc3 12. bxc3 Be7 13. Nd4 Nxd4 14. cxd4
Qd5 15. Qa4+ c6 16. Rab1 b5 17. Qa6 O-O 18. Qb7 Rfe8 19. a4 bxa4 20. Rbc1 Qxd4
21. Rxc6 Bd5 22. Bc3 Bxc6 23. Qxc6 Qb6 24. Qxa4 Bf8 25. Ba5 Qa6 0-1

[Event "XXVI C.to Italiano a squadre A1"]
[Site "ITA"]
[Date "1994.??.??"]
[Round "?"]
[White "Ratti, Ruggero"]
[Black "Valenti, Giuseppe"]
[Result "1/2-1/2"]
[WhiteElo "2320"]
[BlackElo "2245"]
[PlyCount "83"]
[EventDate "1994.01.30"]

1. Nf3 Nf6 2. c4 b6 3. g3 Bb7 4. Bg2 e6 5. O-O Be7 6. Nc3 O-O 7. d4 d5 8. Ne5
c6 9. e4 dxc4 10. Nxc4 Ba6 11. b3 b5 12. Ne5 b4 13. Ne2 Bxe2 14. Qxe2 Qxd4 15.
Bb2 Qb6 16. Rfd1 Rd8 17. Qc2 Nfd7 18. Nc4 Qc7 19. e5 Nb6 20. Rxd8+ Qxd8 21. Be4
h6 22. Na5 Nd5 23. Nxc6 Nxc6 24. Qxc6 Rc8 25. Qa6 Nc3 26. Bxc3 bxc3 27. Bc2 Bc5
28. Rd1 Qc7 29. Qd3 g6 30. Qe2 Rd8 31. Rxd8+ Qxd8 32. Kg2 Qd5+ 33. Kh3 Kf8 34.
f4 Ke7 35. Qb5 Bb6 36. Qb4+ Qc5 37. Qe4 Qd4 38. Qe2 Bc5 39. Kg2 Kd7 40. Be4 Kc7
41. Bc2 Kb6 42. Kh3 1/2-1/2

[Event "XXVI C.to Italiano a squadre A1"]
[Site "ITA"]
[Date "1994.??.??"]
[Round "?"]
[White "Ricci, Marco"]
[Black "Pietralunga, Nicola"]
[WhiteElo "2320"]
[BlackElo "1993"]
[Result "1-0"]
[PlyCount "93"]
[EventDate "1994.01.30"]

1. e4 e6 2. d4 d5 3. Nc3 Bb4 4. e5 c5 5. Bd2 Ne7 6. a3 Ba5 7. dxc5 O-O 8. Bd3
Nd7 9. Nf3 h6 10. b4 Bc7 11. Qe2 Nc6 12. Bf4 f6 13. exf6 Qxf6 14. Bd2 Nde5 15.
O-O Nxf3+ 16. Qxf3 Qxf3 17. gxf3 Nd4 18. Be2 Nxc2 19. Nb5 Be5 20. Rac1 Nd4 21.
Nxd4 Bxd4 22. Bc3 Bxc3 23. Rxc3 Bd7 24. Re1 a6 25. Kg2 Rf6 26. Re3 Raf8 27. Re5
g5 28. Bd1 g4 29. R1e3 d4 30. R3e4 gxf3+ 31. Kg3 Rg6+ 32. Rg4 Rxg4+ 33. Kxg4
Kf7 34. Bxf3 Rg8+ 35. Kf4 Ke7 36. Re4 d3 37. Rd4 Bb5 38. Be4 Rd8 39. Rxd8 Kxd8
40. Ke3 Ke7 41. Bxd3 Ba4 42. Be4 Bc6 43. Bxc6 bxc6 44. Ke4 Kf6 45. f4 Kf7 46.
Ke5 Ke7 47. h4 1-0

[Event "XXVI C.to Italiano a squadre A1"]
[Site "ITA"]
[Date "1994.??.??"]
[Round "?"]
[White "Rivello, Roberto"]
[Black "Profumo, Alberto"]
[Result "1/2-1/2"]
[WhiteElo "2235"]
[BlackElo "2106"]
[PlyCount "57"]
[EventDate "1994.01.30"]

1. e4 c6 2. d4 d5 3. Nc3 dxe4 4. Nxe4 Bf5 5. Ng3 Bg6 6. Nf3 Nd7 7. h4 h6 8. h5
Bh7 9. Bd3 Bxd3 10. Qxd3 e6 11. Bf4 Qa5+ 12. c3 Ngf6 13. a4 c5 14. O-O Be7 15.
Rfe1 cxd4 16. b4 Qd8 17. Nxd4 O-O 18. Rad1 Nb6 19. Be5 Qc8 20. Ne4 Nxe4 21.
Rxe4 Nc4 22. Bxg7 Kxg7 23. Nxe6+ fxe6 24. Rxc4 Qe8 25. Rc7 Kh8 26. Qe3 Bg5 27.
Qe5+ Bf6 28. Qe3 Bg5 29. Qe5+ 1/2-1/2

[Event "XXVI C.to Italiano a squadre A1"]
[Site "ITA"]
[Date "1994.??.??"]
[Round "?"]
[White "Romano, Edgar"]
[Black "Monteleone, Antonio"]
[WhiteElo "1917"]
[BlackElo "2099"]
[Result "0-1"]
[PlyCount "30"]
[EventDate "1994.01.30"]

1. e4 e6 2. d4 d5 3. exd5 exd5 4. Bd3 c5 5. Qe2+ Be7 6. dxc5 Nf6 7. Nf3 O-O 8.
O-O Bxc5 9. Bg5 Bg4 10. c3 Nbd7 11. h3 Re8 12. Qc2 Bxf3 13. Bxh7+ Kh8 14. gxf3
Qc7 15. Qf5 Nxh7 0-1

[Event "XXVI C.to Italiano a squadre A1"]
[Site "ITA"]
[Date "1994.??.??"]
[Round "?"]
[White "Romano, Edgar"]
[Black "Sabatini, Mario"]
[WhiteElo "1917"]
[BlackElo "2039"]
[Result "1/2-1/2"]
[PlyCount "117"]
[EventDate "1994.01.30"]

1. c4 Nf6 2. Nc3 e6 3. d4 Bb4 4. Qc2 c5 5. dxc5 Na6 6. Nf3 Nxc5 7. a3 Bxc3+ 8.
Qxc3 d5 9. cxd5 Qxd5 10. Bf4 Nce4 11. Qd4 O-O 12. e3 Rd8 13. Qxd5 Nxd5 14. Bg3
Bd7 15. Be2 Rac8 16. Nd4 Nxg3 17. hxg3 e5 18. Nf3 f6 19. Bd3 g6 20. Ke2 Be6 21.
Rh4 Ne7 22. Rah1 h5 23. Rb4 Rc7 24. Rd1 Kg7 25. Be4 Rxd1 26. Kxd1 Bd5 27. Nd2
a6 28. Bxd5 Nxd5 29. Rc4 Rd7 30. Ke2 f5 31. e4 Ne7 32. Rc5 Kf6 33. f4 Nc6 34.
Ke3 Ke6 35. Nc4 exf4+ 36. gxf4 fxe4 37. Kxe4 Rd1 38. Ke3 Re1+ 39. Kd3 Rd1+ 40.
Ke2 Rc1 41. Kd3 Rf1 42. Rg5 Kf6 43. g3 Rf3+ 44. Ne3 Rf2 45. Ke4 Rxb2 46. Nd5+
Kf7 47. f5 gxf5+ 48. Kxf5 Rb5 49. Ke4 Ne7 50. Rxh5 Nxd5 51. Rxd5 Rb3 52. Rd3
Rb1 53. Ke5 a5 54. Kf5 a4 55. g4 Rb3 56. Rd7+ Ke8 57. Rh7 Rf3+ 58. Ke4 Rxa3 59.
g5 1/2-1/2

[Event "XXVI C.to Italiano a squadre A1"]
[Site "ITA"]
[Date "1994.??.??"]
[Round "?"]
[White "Salvetti, Alec"]
[Black "Barletta, Mauro"]
[Result "1/2-1/2"]
[WhiteElo "2280"]
[BlackElo "2230"]
[PlyCount "171"]
[EventDate "1994.01.30"]

1. d4 Nf6 2. Nf3 e6 3. c4 d5 4. Nc3 Nbd7 5. cxd5 exd5 6. Bg5 Bb4 7. Qb3 c5 8.
e3 Qa5 9. Bxf6 Nxf6 10. Be2 c4 11. Qc2 Ne4 12. O-O Bxc3 13. bxc3 Nxc3 14. Ne5
Nxe2+ 15. Qxe2 O-O 16. Qh5 Qd8 17. Rab1 f6 18. Nf3 b6 19. Rb5 Be6 20. Rfb1 Qe8
21. Qxe8 Rfxe8 22. a4 Bf5 23. Ra1 Red8 24. Kf1 Bd3+ 25. Ke1 Rac8 26. Kd2 Rc6
27. a5 bxa5 28. Kc3 Rb6 29. Raxa5 Rxb5 30. Rxb5 Rd7 31. Nd2 Kf7 32. Ra5 Ke6 33.
f3 g5 34. e4 h5 35. Ra6+ Rd6 36. Rxa7 g4 37. exd5+ Rxd5 38. Nxc4 Bxc4 39. Kxc4
Rf5 40. Ra6+ Ke7 41. Ra3 Kd6 42. Rb3 Kc6 43. d5+ Kd6 44. Rb6+ Kc7 45. fxg4 hxg4
46. Rb2 Kd6 47. Rb6+ Kc7 48. Rb2 Kd6 49. Rd2 Rf1 50. Kd3 f5 51. Ke3 f4+ 52. Ke4
f3 53. g3 Re1+ 54. Kf4 Re2 55. Rd1 Rxh2 56. Kxg4 f2 57. Kf3 f1=Q+ 58. Rxf1 Kxd5
59. Re1 Rh8 60. g4 Rf8+ 61. Kg3 Rg8 62. Re3 Kd6 63. Re4 Kd5 64. Re1 Kd6 65. Re4
Kd5 66. Kf3 Rf8+ 67. Rf4 Rg8 68. Rf5+ Ke6 69. Kf4 Ra8 70. Kg3 Rh8 71. Kf4 Ra8
72. Kg5 Rg8+ 73. Kh4 Rh8+ 74. Rh5 Rg8 75. Rh7 Kf6 76. Rh6+ Kf7 77. Kh5 Ra8 78.
Rb6 Rh8+ 79. Kg5 Rg8+ 80. Kf5 Ra8 81. Rb7+ Kg8 82. g5 Ra6 83. g6 Ra1 84. Rb8+
Kg7 85. Rb7+ Kg8 86. Rb8+ 1/2-1/2

[Event "XXVI C.to Italiano a squadre A1"]
[Site "ITA"]
[Date "1994.??.??"]
[Round "?"]
[White "Serpi, Andrea"]
[Black "Colombo, Paolo"]
[Result "1-0"]
[WhiteElo "2163"]
[BlackElo "2200"]
[PlyCount "39"]
[EventDate "1994.01.30"]

1. e4 c6 2. d4 d5 3. e5 g6 4. Be2 h5 5. h3 Na6 6. Nf3 Nh6 7. O-O Nc7 8. c3 Bf5
9. Nbd2 Qd7 10. b4 Bg7 11. Nb3 b6 12. Re1 O-O 13. Bd2 f6 14. exf6 exf6 15. Nh4
Kh7 16. Bxh5 gxh5 17. Qxh5 Bc2 18. Rac1 Bxb3 19. Bxh6 Bc4 20. Bxg7+ 1-0

[Event "XXVI C.to Italiano a squadre A1"]
[Site "ITA"]
[Date "1994.??.??"]
[Round "?"]
[White "Serpi, Andrea"]
[Black "Negrini, Claudio"]
[WhiteElo "2163"]
[BlackElo "2108"]
[Result "1/2-1/2"]
[PlyCount "94"]
[EventDate "1994.01.30"]

1. e4 e5 2. Nf3 f5 3. Nxe5 Qf6 4. d4 d6 5. Nc4 fxe4 6. Ne3 Nc6 7. d5 Ne5 8. Nc3
Qg6 9. Qd4 Nf6 10. Nb5 Qf7 11. Nxa7 Bd7 12. Nb5 Rc8 13. Be2 Be7 14. Nc3 O-O 15.
O-O Qg6 16. f4 exf3 17. Bxf3 Nxf3+ 18. Rxf3 Nh5 19. Qe4 Rxf3 20. Qxg6 hxg6 21.
gxf3 Rf8 22. Bd2 Bh3 23. Nb5 Rxf3 24. Nxc7 Nf4 25. Ne6 Ne2+ 26. Kh1 Bf6 27. Ng2
Rf2 28. Ngf4 Nxf4 29. Nxf4 Rxd2 30. Nxh3 Be5 31. Ng5 Rxh2+ 32. Kg1 Rxc2 33. a4
Bxb2 34. Rb1 Rc1+ 35. Rxc1 Bxc1 36. Ne6 Kf7 37. Nd8+ Kf6 38. Nxb7 Be3+ 39. Kg2
Ke5 40. Kf3 Ba7 41. Kg4 Kxd5 42. Kg5 Kc6 43. Na5+ Kd7 44. Nc4 Ke7 45. Kxg6 Kf8
46. a5 Kg8 47. a6 Kf8 1/2-1/2

[Event "XXVI C.to Italiano a squadre A1"]
[Site "ITA"]
[Date "1994.??.??"]
[Round "?"]
[White "Serpi, Andrea"]
[Black "Stavru, Alessandro"]
[Result "0-1"]
[WhiteElo "2163"]
[BlackElo "2230"]
[PlyCount "100"]
[EventDate "1994.01.30"]

1. e4 c5 2. Nf3 d6 3. d4 cxd4 4. Nxd4 Nf6 5. Nc3 a6 6. Bc4 e6 7. Bb3 Nbd7 8.
O-O Nc5 9. Re1 Be7 10. Qf3 O-O 11. Qg3 Kh8 12. Bg5 Nh5 13. Bxe7 Qxe7 14. Qg4
Nf6 15. Qh4 Nd5 16. Qxe7 Nxe7 17. Rad1 b5 18. Nf3 b4 19. Na4 Nxb3 20. cxb3 d5
21. Nc5 Ra7 22. Ne5 Kg8 23. Ncd3 f6 24. Nf3 a5 25. e5 Kf7 26. Rc1 Bd7 27. Rc5
Rc8 28. Nd4 Rxc5 29. Nxc5 fxe5 30. Rxe5 Rc7 31. Nd3 Nc6 32. Nxc6 Rxc6 33. Re1
Rc2 34. Rc1 Rxc1+ 35. Nxc1 Bb5 36. f4 e5 37. fxe5 Ke6 38. Kf2 Kxe5 39. Ke3 d4+
40. Kf2 Ke4 41. Ne2 Bxe2 42. Kxe2 d3+ 43. Kf2 Kf4 44. a3 g5 45. axb4 axb4 46.
h3 h5 47. g3+ Ke4 48. Ke1 Ke3 49. Kd1 d2 50. h4 g4 0-1

[Event "XXVI C.to Italiano a squadre A1"]
[Site "ITA"]
[Date "1994.??.??"]
[Round "?"]
[White "Stavru, Alessandro"]
[Black "Di Paolo, Raffaele"]
[WhiteElo "2230"]
[BlackElo "2220"]
[Result "1-0"]
[PlyCount "103"]
[EventDate "1994.01.30"]

1. e4 e5 2. Bc4 Nf6 3. d3 Be7 4. Nf3 d6 5. Bb3 O-O 6. O-O Nbd7 7. c3 Nc5 8. Bc2
Bg4 9. h3 Bh5 10. Nbd2 Ne6 11. Nc4 Nd7 12. g4 Bg6 13. Ne3 Nf4 14. Kh2 Nc5 15.
Nf5 Nce6 16. d4 exd4 17. N3xd4 Nxd4 18. Nxe7+ Qxe7 19. cxd4 Qf6 20. g5 Qxg5 21.
Qf3 Qh5 22. Qxf4 Qe2 23. Bd2 Rae8 24. Rfe1 Qc4 25. Bc3 Re7 26. Bb3 Qb5 27. d5
f6 28. Re3 a5 29. Rae1 a4 30. Bd1 Qc4 31. b3 axb3 32. Bxb3 Qc5 33. h4 Rfe8 34.
f3 Rf8 35. Bb2 Qb4 36. Bc3 Qb6 37. R3e2 Qc5 38. Qe3 Qb5 39. Qd4 Bh5 40. Re3 Qe8
41. f4 Qg6 42. Rg3 Qh6 43. f5 Qf4 44. Bd2 Qxh4+ 45. Rh3 Qg4 46. Bd1 Qxd1 47.
Rxd1 Bxd1 48. Bh6 Bc2 49. Rg3 Rff7 50. Bxg7 Rxg7 51. Qxf6 h5 52. Qxe7 1-0

[Event "XXVI C.to Italiano a squadre A1"]
[Site "ITA"]
[Date "1994.??.??"]
[Round "?"]
[White "Stavru, Alessandro"]
[Black "Quinto, Gianni"]
[WhiteElo "2230"]
[BlackElo "2315"]
[Result "1-0"]
[PlyCount "55"]
[EventDate "1994.01.30"]

1. e4 e6 2. d4 d5 3. Nc3 Bb4 4. e5 Qd7 5. a3 Bf8 6. Bb5 Nc6 7. Nf3 Nge7 8. Ne2
b6 9. O-O Bb7 10. c3 Ng8 11. h4 h5 12. Bg5 Be7 13. g3 O-O-O 14. Qa4 a6 15. Bxa6
Nxe5 16. Qxd7+ Nxd7 17. Bd3 f5 18. Bxe7 Nxe7 19. Ng5 Nf6 20. Nf7 Ng6 21. Nxh8
Rxh8 22. f3 Kd7 23. Kf2 Ra8 24. Rg1 Rf8 25. Nf4 Nxf4 26. gxf4 Rf7 27. Rae1 c5
28. Rg5 1-0

[Event "XXVI C.to Italiano a squadre A1"]
[Site "ITA"]
[Date "1994.??.??"]
[Round "?"]
[White "Stavru, Alessandro"]
[Black "Sarno, Spartaco"]
[WhiteElo "2230"]
[BlackElo "2395"]
[Result "1/2-1/2"]
[PlyCount "84"]
[EventDate "1994.01.30"]

1. e4 d6 2. d4 Nf6 3. Nc3 g6 4. Be2 Bg7 5. Be3 O-O 6. Nf3 b6 7. O-O Bb7 8. d5
c5 9. a4 Na6 10. Nd2 e6 11. Bf3 exd5 12. exd5 Nc7 13. Ndb1 Nd7 14. Na3 Ne5 15.
Be2 f5 16. Qd2 Nf7 17. Nab5 Ne8 18. Rfe1 a6 19. Na3 Rb8 20. Nc4 Ba8 21. Ra2 Nf6
22. Bf4 b5 23. axb5 axb5 24. Nxb5 Rxb5 25. Nxd6 Nxd6 26. Bxd6 Ne4 27. Qf4 Qxd6
28. Qxd6 Nxd6 29. Bxb5 Nxb5 30. Ra5 Nd6 31. Re6 Ne4 32. c4 Bd4 33. Ra7 Nxf2 34.
Rea6 Ng4+ 35. Kh1 Nf2+ 36. Kg1 Ng4+ 37. Kh1 Bb7 38. Rxb7 Re8 39. Ra1 Nf2+ 40.
Kg1 Ng4+ 41. Kh1 Nf2+ 42. Kg1 Ng4+ 1/2-1/2

[Event "XXVI C.to Italiano a squadre A1"]
[Site "ITA"]
[Date "1994.??.??"]
[Round "?"]
[White "Tan, Chengxuan"]
[Black "Belotti, Bruno"]
[WhiteElo "2365"]
[BlackElo "2420"]
[Result "1-0"]
[PlyCount "117"]
[EventDate "1994.01.30"]

1. e4 c5 2. c3 Nf6 3. e5 Nd5 4. Nf3 e6 5. d4 cxd4 6. cxd4 b6 7. Nc3 Nxc3 8.
bxc3 Qc7 9. Be2 Qxc3+ 10. Bd2 Qc7 11. Rc1 Nc6 12. O-O Bb7 13. Bd3 h6 14. d5
exd5 15. Nd4 Qd8 16. Nf5 g6 17. Nd6+ Bxd6 18. exd6 Qf6 19. Re1+ Kd8 20. Qg4 d4
21. Qg3 g5 22. Re2 Re8 23. Rxe8+ Kxe8 24. h4 Qg7 25. hxg5 hxg5 26. Qxg5 Qxg5
27. Bxg5 Nd8 28. Bf6 Ne6 29. Re1 Rc8 30. Bxd4 Rc6 31. Be5 Rc5 32. f4 Ra5 33. f5
Rxa2 34. fxe6 Rxg2+ 35. Kf1 fxe6 36. Ra1 Rg5 37. Bf4 Rg4 38. Be3 Rg3 39. Ke2
Rg2+ 40. Bf2 a5 41. Rb1 Bc6 42. Rxb6 Rg5 43. Bh4 Rg4 44. Be7 Kf7 45. Rb1 Rf4
46. Rg1 e5 47. Bh7 Ke6 48. Rg5 Kd5 49. Ke3 Kc4 50. Rxe5 Rf3+ 51. Ke2 Rh3 52.
Bg8+ Kb4 53. Bg5 a4 54. Bd2+ Ka3 55. Re3+ Rxe3+ 56. Kxe3 Kb2 57. Kd4 a3 58. Bc4
Kb1 59. Bb4 1-0

[Event "XXVI C.to Italiano a squadre A1"]
[Site "ITA"]
[Date "1994.??.??"]
[Round "?"]
[White "Tomasini, Giovanni"]
[Black "Iudicello, Massimo"]
[WhiteElo "1999"]
[BlackElo "1943"]
[Result "1/2-1/2"]
[PlyCount "91"]
[EventDate "1994.01.30"]

1. e4 e5 2. Nf3 Nc6 3. Bb5 a6 4. Ba4 Nf6 5. O-O Be7 6. Re1 b5 7. Bb3 d6 8. h3
Na5 9. c3 Nxb3 10. axb3 Bb7 11. d3 O-O 12. Nbd2 Nd7 13. Nf1 f5 14. Ng3 fxe4 15.
dxe4 Nb6 16. c4 Bf6 17. Qe2 Qe8 18. Bd2 Bc6 19. Ba5 Qb8 20. Nf5 g6 21. Nh6+ Kh8
22. Ng4 Nd7 23. b4 Qb7 24. Rac1 Rae8 25. Rcd1 Rf7 26. b3 Nf8 27. c5 Be7 28.
cxd6 cxd6 29. Qe3 Rf4 30. Nd2 Ne6 31. g3 Rf7 32. Bb6 Bg5 33. f4 exf4 34. Bd4+
Kg8 35. Qd3 Nxd4 36. Qxd4 Qa7 37. Nf3 Bd8 38. Nh6+ Kf8 39. Kg2 Qxd4 40. Nxd4
Rc7 41. Nxc6 Rxc6 42. gxf4 Rc2+ 43. Kf3 Rc6 44. Ng4 Be7 45. Rd3 Rec8 46. Red1
1/2-1/2

[Event "XXVI C.to Italiano a squadre A1"]
[Site "ITA"]
[Date "1994.??.??"]
[Round "?"]
[White "Trabattoni, Franco"]
[Black "Contin, Daniel"]
[Result "0-1"]
[WhiteElo "2335"]
[BlackElo "2420"]
[PlyCount "94"]
[EventDate "1994.01.30"]

1. d4 Nf6 2. Nf3 e6 3. g3 b5 4. Bg2 Bb7 5. O-O c5 6. c3 cxd4 7. cxd4 Be7 8. Bg5
Qb6 9. Nc3 O-O 10. d5 b4 11. Na4 Qa5 12. d6 Bd8 13. a3 Nc6 14. axb4 Qxb4 15.
Rc1 Ne4 16. Be3 Bb6 17. Nxb6 axb6 18. Nd4 Nxd4 19. Qxd4 Qxd4 20. Bxd4 Nxd6 21.
Bxb6 Bxg2 22. Kxg2 Rfc8 23. Rxc8+ Rxc8 24. b4 Nc4 25. Ba7 Rc7 26. Ra1 f6 27.
Ra6 Kf7 28. Bc5 Rb7 29. e4 d6 30. Ra7 Rxa7 31. Bxa7 Ke7 32. Bd4 Kd7 33. Bc3 Kc6
34. g4 Ne5 35. Kg3 Kb5 36. h4 Kc4 37. f4 Nd3 38. Bd2 Nxb4 39. h5 Nc6 40. f5 Kd3
41. h6 gxh6 42. Bxh6 Kxe4 43. fxe6 Ke5 44. Bf8 Kxe6 45. Kf4 Ne5 46. Bh6 d5 47.
Bg7 d4 0-1